000 00706nmc a2200241 a 4500
003 AR-BaBNM
005 20251128205046.0
008 011101s1995 ||||||||||||||000 | spa||
020 _a950-534-312-4
040 _cAR-BaBNM
100 1 _aCompiano, Bibiana
245 1 0 _aInvestiguemos para aprender
_buna estrategia no convencional en matemática
260 _aBuenos Aires
_bA-Z editora
_c1995
300 0 _a138 p.
_btablas, diagr.
490 0 _aTemas y problemas
_vv. 2
504 _aBibliografía: p. 137-138
650 4 _aENSENANZA DE LAS MATEMATICAS
650 4 _aTECNICAS DE ENSENANZA
653 0 _aEDUCACION SECUNDARIA
700 1 _aGiarrizzo, Alicia Mirta
942 _cBK
998 _csilvi
999 _c9819
_d9819